Shakespeare's Ladies Quiz Stats

 Plays Quiz Updated Mar 18, 2020

Support Sporcle.
Go Orange.
Score 0/37 Timer 08:00
0 Plays Today
Play(s) Character % Correct
Romeo and Juliet, Measure for MeasureJuliet
93.8%
HamletOphelia
76.8%
MacbethLady Macbeth
76.8%
Antony and CleopatraCleopatra
67.6%
OthelloDesdemona
66.4%
Twelfth NightViola
55.2%
Julius CaesarPortia
53.6%
HamletGertrude
53.6%
Much Ado about NothingBeatrice
52%
King LearRegan
51.3%
King LearGoneril
48.6%
As You Like ItRosalind
48.5%
Twelfth NightOlivia
46.1%
Troilus and CressidaCressida
45.2%
TempestMiranda
44.2%
Taming of the ShrewKatherina
44.1%
Love's Labour's LostMaria
37%
OthelloEmilia
32.9%
Love's Labour's LostRosaline
29.9%
Play(s) Character % Correct
Two Gentlemen of VeronaJulia
29.2%
As You Like ItCelia
26.7%
Measure for MeasureIsabella
25.1%
CymbelineInnogen
24%
Henry IV, Part 1,2, Henry V, Merry Wives of WindsorMistress Quickly
22.8%
Henry VI, Part 3, Richard IIIQueen Elizabeth
20.3%
Richard IIILady Anne
18.7%
Henry VI, Part 1,2,3, Richard IIIQueen Margaret
15.5%
Henry VIIIQueen Katherine
14.5%
CoriolanusVolumnia
14.3%
Winter's TalePaulina
14.3%
Comedy of ErrorsAdriana
12.8%
Merry Wives of WindsorMistress Margaret Page
12.6%
Two Gentlemen of VeronaSilvia
11.9%
Merry Wives of WindsorMistress Alice Ford
11.2%
PericlesMarina
11.2%
Antony and CleopatraCharmian
9.5%
All's Well That Ends WellCountess of Roussillon
2.6%

You're not logged in!

Compare scores with friends on all Sporcle quizzes.
OR
Log In

From the Vault

Largest US State per Letter Minefield

by Mateo56

All that land and only this quiz to show for it.
Remove Ads.
Support Sporcle.
Get the best of Sporcle when you Go Orange. This ad-free experience offers more features, more stats, and more fun while also helping to support Sporcle. Thank you for becoming a member.

Show Comments

Extras

Top Quizzes Today


Score Distribution

Your Account Isn't Verified!

In order to create a playlist on Sporcle, you need to verify the email address you used during registration. Go to your Sporcle Settings to finish the process.

Report this User

Report this user for behavior that violates our Community Guidelines.

Details: